[Event "Lipperland Seniors op 1st"]
[Site "Doerentrup"]
[Date "2002.05.27"]
[Round "4"]
[White "Guedter, Gerd"]
[Black "Krah, Franz"]
[Result "0-1"]
[WhiteElo "1624"]
[BlackElo "1642"]
[PlyCount "52"]
[EventDate "2002.05.??"]
[EventType "swiss"]
[EventRounds "9"]
[EventCountry "GER"]
[SourceTitle "EXT 2006"]
[Source "ChessBase"]
[SourceDate "2005.11.24"]
[SourceVersion "1"]
[SourceVersionDate "2005.11.24"]
[SourceQuality "1"]

1. c4 Nf6 2. Nc3 g6 3. Nf3 Bg7 4. g3 0-0 5. Bg2 c5 6. 0-0 Nc6 7. a3 e6 8. Qc2 d5 9. cxd5 exd5 10. Rb1 Bf5 11. d3 c4 12. Rd1 cxd3 13. exd3 Bg4 14. h3 Bxf3 15. Bxf3 Nd4 16. Qa4 Nxf3+ 17. Kg2 Ne5 18. Bf4 Nc6 19. d4 a6 20. Qc2 Rc8 21. Qd2 Re8 22. Bg5 Qd6 23. f3 Nh5 24. Bh4 f5 25. Ne2 Re6 26. g4 fxg4 0-1